000 00915nam a2200277Ia 4500
003 GCL
008 140319s9999 xx 000 0 ara d
020 _a5094172977
040 _aGCL /
_cGCL
082 0 4 _a809.82
_bس د
100 1 _aسمير سرحان
245 1 0 _aدراسات فى الادب المسرحى /
_cسمير سرحان
250 _aالاولى
260 _aالقاهرة :
_bدار غريب للطباعة والنشر والتوزيع ،
_c2000
300 _a176 ص ؛
_c24 سم
650 0 4 _aالمسرحيات
650 0 4 _aالادباء الاوربيون
650 0 4 _aانطون تشيخوف
650 0 4 _aالمسرحيات - تاريخ ونقد
650 0 4 _aالدراما المسرحية
650 0 4 _aالتراجيديا
650 0 4 _aالادب المسرحى
650 0 4 _aالدراما - ايرلندا
650 0 4 _aهنريك ابسن
942 _2ddc
_cBK
999 _c7897
_d7897